Largest Island by North American Country - Statistics

General Stats
  • This quiz has been taken 74 times
    54 since last reset
  • The average score is 3 of 10
Answer Stats
Country Island % Correct
Canada Baffin
89%
Haiti + Dominican Republic Hispaniola
77%
United States Hawaii
70%
Bahamas North Andros
27%
Mexico Tiburon
9%
Honduras Roatan
7%
Belize Turneffe Atoll
7%
Costa Rica Chira
5%
Nicaragua Ometepe
5%
Panama Coiba
2%
No matching quizzes found
Score Distribution
Percent of People with Each Score
Percentile by Number Answered
Your Score History
You have not taken this quiz since the last reset